| 000 | 01255nam0a22003011 4500 | ||
|---|---|---|---|
| 001 | rc\2225588 | ||
| 005 | 20260406154318.0 | ||
| 035 | _a(NLR Aleph) 006720478 | ||
| 090 |
_a5438085 _c5438085 |
||
| 100 | _a20110829d1978 |||y0rusy50 ca | ||
| 101 | 1 |
_arus _ctgk |
|
| 102 | _aRU | ||
| 105 | _aa z |||a| | ||
| 200 | 1 |
_aВ гостях у бабушки _eСтихи _e[Для мл. шк. возраста] _fГульчехра Сулейманова _gПер. с тадж. В. Орлов _g[Худож. В. Дувидов] |
|
| 210 |
_aМосква _cМалыш _d1978 |
||
| 215 |
_a[24] с. _cцв. ил. _d27 |
||
| 300 | _aВ вып. дан. авт.: Гульчехра Атаджановна Сулейманова | ||
| 700 | 1 |
_6z01790 _aСулейманова _bГ. _gГульчехра |
|
| 702 | 1 |
_aДувидов _bВ. _4440 |
|
| 702 | 1 |
_4730 _7ca _8rus _aОрлов _bВ. Н. _cдетский писатель _f1930-1999 _gВладимир Натанович _9116964 _3RU\NLR\AUTH\777021 |
|
| 790 | 1 |
_6z01700 _aСулейманова _bГ.А. _gГульчехра Атаджановна |
|
| 801 | 0 |
_aRU _bNLR _gpsbo |
|
| 801 | 1 |
_aRU _bELAR _2rusmarc |
|
| 852 |
_aNLR _j78-8/940 |
||
| 899 |
_aRuMoRGB _jM 78-9/326 |
||
| 942 | _cBOOK | ||
| 980 | _aNB | ||